[Event "Bundesliga 0405"]
[Site "Germany"]
[Date "2005.04.09"]
[Round "14.2"]
[White "Kempinski, Robert"]
[Black "Almasi, Zoltan"]
[Result "0-1"]
[WhiteElo "2608"]
[BlackElo "2650"]
[Annotator "Stohl,I"]
[PlyCount "80"]
[EventDate "2004.11.12"]
[EventType "team-tourn"]
[EventRounds "15"]
[EventCountry "GER"]
[SourceTitle "CBM 107"]
[Source "ChessBase"]
[SourceDate "2005.08.01"]
[SourceVersion "1"]
[SourceVersionDate "2005.08.01"]
[SourceQuality "1"]
[WhiteTeam "Hamburger SK"]
[BlackTeam "Kreuzberg"]
[WhiteTeamCountry "GER"]
[BlackTeamCountry "GER"]

1. Nf3 Nf6 2. c4 b6 3. g3 c5 4. Bg2 Bb7 5. O-O g6 6. b3 {The second fianchetto
is too tame to promise White a realistic edge.} ({More promising is the usual} 
6. Nc3 $142 Bg7 7. d4) 6... Bg7 7. Bb2 O-O 8. d4 (8. Nc3 Na6 $5 9. d4 d5 $11)
8... cxd4 9. Qxd4 d6 {Black usually plays this typical Hedgehog move, aiming
to develop his N to d7, as White's Q will sooner or later have to leave the
exposed d4-square anyway. However, here even} (9... Nc6 {seems justified:} 10.
Qf4 (10. Qd2 d5 $11 11. Ne5 $140 Nxe5 12. Bxe5 Ne4 13. Qb2 f6 $1 $13) 10... d5
$5 11. Rd1 Qc8 $13) 10. Qd2 {The Q retreats immediately.} (10. Nc3 Nbd7 11.
Rfd1 {Arguably the most reliable method is to simplify with} Ne4 $5 (11... Rc8
12. Qe3 (12. Rac1 Rc5 (12... Ne4 $132) 13. Ne1 $5 Bxg2 (13... Qa8 14. Nd5 $36)
14. Kxg2 Nd5 15. Qd2 Nxc3 16. Bxc3 Bxc3 17. Rxc3 Nf6 18. f3 Qc8 19. Nd3 Rc7 20.
e4 Qb7 (20... Rd8 $142 $14) 21. e5 $1 dxe5 22. Nxe5 Rfc8 23. Rd3 $36 {Dizdar,
G-Volke,K/AUT-chT2W 0405/2005/}) 12... Re8 13. Rac1 a6 14. Ba1 Rc5 $1 15. a4
Qa8 16. Ne1 Rf5 17. Bxb7 Qxb7 18. f3 h5 19. Ng2 Rc5 20. Bb2 Rcc8 21. Ba3 Nc5
22. Rb1 Ne6 23. Qd3 Nc7 24. Nf4 b5 $1 $11 {Karpov,A-Kasparov,G/WCh London/
Leningrad 1986/ This was one of the examples, which made the Rc5 manoeuvre
famous. Black is true Reti style frees a8 for his Q, but not in every position
this idea is ideal.}) 12. Qe3 Nxc3 13. Bxc3 Bxc3 14. Qxc3 Nf6 15. a4 a5 16. Nd4
Bxg2 17. Kxg2 Rc8 18. Qf3 Rc5 19. Ra2 Qa8 20. Nb5 d5 21. cxd5 Nxd5 22. Rad2 Nc3
$11 {Bareev,E-Gelfand,B/Monaco act/2004/}) 10... Nbd7 11. Nc3 Rc8 12. Rac1 (12.
Rfd1 a6 13. Nd4 Bxg2 14. Kxg2 {More sedate and good enough is} Qc7 ({Even now
the R-manoeuvre is possible:} 14... Rc5 15. e4 (15. f3 $142) 15... b5 $5 $13
16. cxb5 axb5 17. Qe2 Qa8 18. f3 $6 b4 19. Na4 Ra5 20. Rdc1 Nc5 21. Nb6 Qb7 22.
Nc4 Ra6 23. e5 Nd5 24. e6 f5 $36 {Pazos,P-Oblitas Guerrero,C/Quito/1997/}) 15.
f3 Qb7 16. e4 e6 17. Rac1 Rfd8 18. Rc2 Ne5 19. Rdc1 Qa8 20. Ba1 Rc7 21. Nd1
Rdc8 22. Nf2 Qb7 23. Ne2 Rc6 24. Bb2 Qa8 25. h3 Qb8 26. Nd4 R6c7 27. Ba3 Rd7
28. f4 Qb7 $132 {/=,Kortschnoj,V-Adorjan,A/Wijk aan Zee/1984/}) 12... Rc5 $5
$146 {[%cal Yd8a8][%mdl 4] /\Qa8 A new move in this concrete position, but not
a new idea. Black increases his control of the centre and provokes White to
weaken his position by attacking the R. In the game this plan works
marvelously.} (12... a6 13. Rfd1 (13. Rfe1 b5 $1 14. cxb5 axb5 15. Nxb5 $6 Ne4
16. Rxc8 Qxc8 17. Qc1 Bxb2 18. Qxb2 Qc5 19. Nbd4 e5 20. Nd2 Nxd2 21. Bxb7 Qxd4
22. Qxd4 exd4 23. Rd1 Nc5 $15 {/-/+,Fominyh,A-Rahman,Z/Dhaka/2002/}) 13... Rc5
14. Ne1 Qa8 15. Nd5 (15. Bxb7 $142 Qxb7 16. Nd3 Rcc8 17. Nf4) 15... Nxd5 16.
Bxg7 Kxg7 17. cxd5 Rfc8 18. e4 Rxc1 19. Rxc1 Rxc1 20. Qxc1 Qc8 21. Qb2+ Kg8 22.
Bh3 Qc7 23. Bxd7 Qxd7 24. Qc3 a5 25. Ng2 Qc8 26. Qxc8+ Bxc8 27. Ne3 Ba6 28. f3
Kf8 $11 {Wind,L-Bandza,A/Wiesbaden/1994/}) 13. Nd4 (13. Rfd1 Qa8 14. Ne1 Bxg2
15. Nxg2 Ne4 16. Nxe4 Qxe4 17. f3 Qb7 18. Bxg7 Kxg7 19. Nf4 Nf6 $5 {/\b5<=>})
13... Bxg2 14. Kxg2 Qa8+ 15. f3 (15. Kg1 a6 $13 (15... Ne4 $11)) 15... Rh5 {
[%cal Yd6d5,Rf6g4] /\d5,Ng4 The R continues its joyride.} (15... d5 $6 16. Ba3
$36) (15... Rd8 16. e4 $14 {()}) 16. h3 {Tarrasch,S-Lasker,E World
Championship 8th 1908 (4) 0-1 Pursuing the wayward R, but this just as in the
famous Tarrasch-Lasker game weakens White's bastions. However, White can't
prevent the impending central break by normal means, as} (16. e4 $2 {runs into}
Bh6 $17 {and Black wins at least a P.}) (16. Rfe1 $5 Bh6 (16... d5 17. g4) 17.
e3 d5 18. g4 Re5 $132) 16... d5 $5 {[%mdl 512] Ambitious play, Black
sacrifices material to weaken White's >>. Perhaps the sacrifice isn't fully
correct, but refuting it in a practical game is always difficult.} (16... a6
$13) 17. g4 {The only consistent move. After} (17. cxd5 Nxd5 18. Nxd5 Rxd5 19.
e4 Rd6 $15 {the R returns to the [+] and Black has achieved his goal - White's
position is vulnerable.}) 17... Re5 $8 (17... Bh6 $2 18. f4 $1 dxc4+ 19. Nf3 {
[%cal Rg4g5] /\g5+/-}) (17... Rh4 $2 18. Qe1 $18) 18. g5 (18. cxd5 Nxd5 19. e4
Nxc3 20. Bxc3 Nc5 $15) 18... Nh5 19. cxd5 {[%cal Re2e4] /\e4+/-} Rxd5 $1 {[]}
20. Nxd5 Qxd5 $44 21. Rcd1 (21. Qe3 e5 (21... Bxd4 22. Bxd4 e5 23. Bb2 Nf4+ 24.
Kg3 Qe6 25. Rh1 $14) 22. Nc6 Qe6 $44 {[%csl Rg2] ׻}) (21. e4 Qe5 $36) 21...
Nc5 (21... Qe5 22. f4 $1 Qe4+ 23. Kh2 Nc5 24. e3 e5 25. Nb5 exf4 26. exf4 Bxb2
27. Nd6 $16) 22. Qe3 Qb7 23. b4 {From now on White loses the thread and allows
Black to develop a powerful ->.} (23. Kg1 $5 {[%cal Yf3f4] /\f4+/=}) 23... Na4
24. Ba1 {[%csl Ra1] ץa1} (24. Bc1 $5 e5 (24... Qc7 25. f4 Nc3 $44) 25. Qb3 $13
) 24... e5 25. Nb3 $6 (25. Nb5 $142 $1 Nf4+ (25... Qa6 $2 26. Nd6 Nf4+ 27. Kf2
Nxh3+ 28. Kg3 Nf4 29. b5 $18) 26. Kh1 $13 {/+/=}) 25... Nf4+ 26. Kg3 $6 {
[%csl Rg3] ע} (26. Kh1 Qc8 (26... Qe7 27. h4 f6 28. Rg1 Qe6 29. Rg3 $14) 27.
Rf2 $5 (27. Qf2 Qxh3+ 28. Qh2 Qf5 $15) 27... Qxh3+ 28. Rh2 Qf5 $44) 26... Qe7
27. h4 (27. Rg1 Qxg5+ 28. Kh2 Qf5 $40) 27... f6 28. gxf6 {[%mdl 128] Gives
Black's -> a fresh impulse.} (28. Nd2 $1 $13 {[%cal Re3b3,Yd2e4] /\Qb3,Ne4})
28... Bxf6 29. Rh1 (29. Kh2 Qe6 $1 $17) 29... h5 $5 {/\Bh4} (29... Bxh4+ 30.
Rxh4 Qxh4+ (30... Qg5+ 31. Rg4 Nh5+ 32. Kf2 Qxg4 33. Qxe5 $36) 31. Kxh4 Ng2+
32. Kg3 Nxe3 33. Rd7 $11) 30. Qf2 $2 (30. Kh2 $8 $13) 30... e4 $1 $40 31. Bxf6
(31. fxe4 $2 Be5 $19) (31. e3 Nd3 (31... Bxa1 32. exf4 Be5 $40) 32. Rxd3 $8
Bxa1 $5 (32... exd3 $36) 33. Rxa1 Rxf3+ 34. Qxf3 exf3 $17) 31... Qxf6 32. Qe3 (
32. Nd2 Nc3 33. Rde1 Qd6 $19) (32. Kh2 $142 Nc3 $17 (32... e3 33. Qg3 Nxe2 34.
Qg5 $15)) 32... Nc3 33. Rd2 Nfxe2+ $1 $19 34. Rxe2 (34. Kf2 Qc6 $1 $19 {/\Rf3}
(34... exf3 $40)) 34... Qxf3+ 35. Qxf3 Rxf3+ 36. Kg2 (36. Kh2 Nxe2 37. Re1 Rf2+
$19) 36... Nxe2 37. Re1 Nf4+ 38. Kg1 e3 39. Nd4 Rg3+ 40. Kh2 Rh3+ (40... Rh3+
41. Kg1 Rxh4 42. Rxe3 Nh3+ 43. Kg2 Rxd4 $19) 0-1

[Event "Hasselbacken"]
[Site "Stockholm"]
[Date "2001.08.05"]
[Round "9"]
[White "Engqvist, Thomas"]
[Black "Wedberg, Tom Birger"]
[Result "0-1"]
[WhiteElo "2365"]
[BlackElo "2505"]
[Annotator "Stohl,I"]
[PlyCount "80"]
[EventDate "2001.07.28"]
[EventType "tourn"]
[EventRounds "9"]
[EventCountry "SWE"]
[EventCategory "9"]
[SourceTitle "CBM 085"]
[Source "ChessBase"]
[SourceDate "2001.11.13"]
[SourceVersion "1"]
[SourceVersionDate "2001.11.13"]
[SourceQuality "1"]

1. Nf3 c5 2. c4 Nc6 3. d4 cxd4 4. Nxd4 e6 5. g3 (5. Nb5 d6 6. Bf4 e5 7. Bg3 Nh6
$1 8. Nd2 Be7 9. e3 O-O 10. Be2 f5 11. f3 f4 12. exf4 exf4 13. Bf2 Bh4 14. O-O
Bxf2+ 15. Rxf2 a6 16. Nc3 Nf5 17. Nde4 Be6 18. Qd2 Qh4 19. Nd5 Bxd5 20. Qxd5+
Kh8 $13 {Seirawan,Y-Gulko,B/USA-ch Seattle/2000/}) 5... Qa5+ $5 $146 {[%mdl 8]
In this position actually a novelty!} (5... Nf6 6. Nc3 {leads to the A33 lines.
}) (5... Qb6 6. Nb3 {can be the same, but Black has independent alternatives:}
Ne5 $5 (6... Bb4+ 7. Bd2 Nf6 8. Bg2 d5 9. cxd5 exd5 10. O-O O-O $6 11. Bg5 Ne4
12. Qxd5 Nxg5 13. Qxg5 h6 14. Qh5 Nd4 15. Nxd4 Qxd4 16. Nc3 Bxc3 17. bxc3 Qxc3
18. Rac1 Qa3 19. Bd5 Qe7 20. Rb1 Rb8 21. Rfc1 Be6 22. Qe5 Rfd8 23. Bxe6 Qxe6
24. Qxe6 fxe6 25. Rc7 Rd2 26. Rbxb7 Rxb7 27. Rxb7 Rxa2 28. e3 $14 {/+/-,
Danailov,S-Ashley,M/Wijk aan Zee-B/2000/}) 7. N1d2 a5 8. e3 Nf6 9. Be2 d5 10.
O-O a4 11. Nd4 Bc5 12. cxd5 exd5 13. Bb5+ Bd7 14. Bxd7+ Nfxd7 15. N2f3 O-O $11
{Serper,G-Wedberg,T/Vienna/1991/}) 6. Nc3 ({Less ambitious, but safer is} 6.
Bd2 Qb6 7. Bc3 Nf6 8. Bg2 d5 $5 (8... Bc5 9. e3 O-O 10. Nb3 Be7 11. O-O $14) 9.
cxd5 Nxd5 10. Nxc6 bxc6 $13) 6... Bb4 {By transposition we have reached a
position, which has already occurred in practice.} 7. Ndb5 (7. Nxc6 $143 $6
Bxc3+ $1 (7... dxc6 $11) 8. bxc3 bxc6 9. Qb3 Ba6 10. Rb1 Nf6 11. e3 c5 12. f3
d6 13. Qc2 Nd7 14. Rb3 Qc7 15. Ra3 Bb7 16. e4 Bc6 17. Qb1 O-O 18. Be2 Rab8 19.
Rb3 Ba4 20. Rxb8 Qxb8 21. Qd3 f5 22. exf5 Ne5 23. Qd2 exf5 24. O-O Bc6 25. Qd1
Re8 $36 {Donchenko,A-Brodsky,M/St. Petersburg/1999/}) 7... d5 $1 (7... Nf6 8.
Bg2 O-O 9. O-O a6 10. Nd6 Qc7 11. Nce4 Nxe4 12. Nxe4 f5 13. a3 $1 Be7 14. Nc3
Bf6 15. Bf4 Ne5 16. Rc1 d6 17. b3 Bd7 18. Qd2 Rad8 19. e4 g6 20. Rfd1 $36 {
(),Horvath,J-Schlosser,P/Budapest/1991/}) 8. Bf4 $1 {The most active and
logical move, otherwise White risks getting into trouble.} (8. Bd2 a6 $5 9.
cxd5 exd5 10. Na3 Bxa3 11. bxa3 d4 $13) (8. a3 $143 Bxc3+ 9. bxc3 Nf6 10. Bf4 (
10. Bg2 O-O 11. Qb3 dxc4 12. Qxc4 e5 13. Nd6 Be6 14. Qd3 e4 $1 15. Nxe4 Nxe4
16. Bxe4 Rad8 17. Qc2 Nd4 18. Qb2 Nxe2 $1 19. Kxe2 Rfe8 20. Qb4 Qh5+ 21. f3 f5
22. g4 Qh3 23. gxf5 Bxf5 24. Qc4+ Kh8 25. Re1 Rxe4+ {0-1,Topalov,V-Ivanchuk,V/
Linares/1999/}) 10... e5 11. Bd2 (11. Bg5 Ne4 $36) 11... O-O 12. Bg2 dxc4 13.
Nd6 Qa6 14. Nxc8 Raxc8 15. O-O Na5 16. Rb1 Nb3 17. Bg5 h6 18. Bxf6 Qxf6 19.
Bxb7 Rcd8 20. Bd5 e4 $17 {Ivanov,M-Winants,L/FRA-chT Mulhouse/2001/}) 8... e5
$8 9. Bd2 dxc4 (9... d4 10. Nd5 $36) (9... a6 10. cxd5 axb5 11. dxc6 Ne7 12.
Bg2 Nxc6 (12... bxc6 13. a3 O-O 14. Rc1 $14) 13. O-O Bxc3 14. bxc3 (14. Bxc3 $5
b4 15. Bd2 $14) 14... O-O 15. c4 Qa6 16. cxb5 Qxb5 17. Bc3 Bg4 18. Rb1 Qc5 $11
{Adrian,C-Pira,D/Saint Lo/2000/}) 10. Nd5 (10. a3 $142 $5 Bxc3 11. Nd6+ Kf8 12.
Bxc3 $44 {is more critical.}) 10... Bxd2+ 11. Qxd2 Qxd2+ 12. Kxd2 Kf8 13. Kc3 {
Starts a risky course.} (13. e4 $5 Be6 (13... Na5 14. Rc1 {wins the pawn back
anyway.}) 14. Bxc4 Nf6 15. Ke3 $11 {/+/=}) 13... Be6 14. Ndc7 $6 (14. e4 a6 (
14... Rc8 $6 15. Nd6 $36) 15. Nbc7 Rc8 16. Nxe6+ fxe6 17. Nb6 Rc7 18. Bxc4 Nf6
$13) 14... Rd8 15. Nxe6+ fxe6 16. Bg2 Nge7 17. Bxc6 $2 {Why exchange the
precious B? White shouldn't have been afraid of ghosts:} (17. Rad1 $1 Nd5+ 18.
Kxc4 Na5+ 19. Kd3 Ke7 ({Checks lead nowhere-} 19... Nb4+ 20. Ke4 $16) 20. Kc2
Rhf8 21. Nc3 $1 {/\} Nxc3 (21... Nb4+ 22. Kb1 Rxf2 $2 23. Bf3 $16) 22. Rxd8
Kxd8 23. Kxc3 Rxf2 24. Bf3 e4 25. Bxe4 Rxe2 26. Bxh7 $11) 17... Nxc6 18. Rad1
Ke7 {[%cal Ra7a6,Rb7b5] /\a6,b5 Black is ready to play a6 and b5.} (18... a6 $6
19. Na7 $1 Nd4 20. e3 Ne2+ 21. Kxc4 Ke7 22. Kc5 $36 {[%csl Re2] ><e2}) 19. Kxc4
{[%csl Rc4][%mdl 4224] ע Now Black's initiative grows into an _|_-> against
White's K.} (19. Na3 $142 Rd5 $5 (19... Rc8 20. Kxc4 Nd4+ 21. Kd3 Rhd8 22. Ke3
b5 23. Rc1 $11 {gives White an uneasy equality}) 20. Nxc4 Rhd8 $36) 19... a6
20. Nc3 b5+ 21. Kb3 (21. Kc5 Rc8 $40) 21... Nd4+ 22. Ka3 (22. Kb4 Rhf8 23. Rhf1
Ra8 $1 $17) 22... Rb8 23. Nb1 (23. b4 Rhc8 24. Rc1 Rc4 $17 (24... a5 $40)) (23.
Ne4 $5 Nxe2 24. Rd6 Rhd8 $15 {/-/+}) 23... Rhc8 24. e3 Nc2+ 25. Kb3 Na1+ $1 26.
Ka3 (26. Kb4 $4 Rc4+ 27. Ka5 Ra4#) 26... a5 27. b3 $8 (27. b4 Nc2+ 28. Kb2 Nxb4
$19) 27... Nc2+ (27... Rc2 $5 28. Rd2 e4 $36) 28. Kb2 Nb4 29. Nc3 (29. Rd2 e4
30. Rhd1 Nd3+ (30... Rb7 $5) 31. Ka1 a4 32. bxa4 bxa4 $17 {/\ and White can't
chase away the powerful N:} 33. f3 Nb4 $1) 29... e4 $1 30. Nxe4 Rc2+ 31. Kb1
Rxa2 32. Rd2 $6 {White is understandably nervous about Black's R on the 2-nd
rank, but this is a premature.} (32. Rc1 $142 $1 Rb7 33. Rhd1 $15) 32... Rxd2
33. Nxd2 Rd8 (33... a4 $17) 34. Nf3 $2 (34. Ne4 $8 a4 35. bxa4 bxa4 $17) 34...
Rd3 ({Even more convincing seems} 34... Rf8 $5 35. Nd4 Rxf2 36. Nxb5 Re2 $19)
35. Kb2 a4 36. bxa4 bxa4 37. Nd4 (37. Ra1 Rb3+ 38. Kc1 a3 39. Nd4 Rd3 $17 {/-+}
) 37... a3+ 38. Kb1 Rd2 $19 39. Rc1 Rxf2 40. Rc7+ Kf6 (40... Kf6 41. Rc1 e5 42.
Nb5 a2+ 43. Ka1 Nc2+ 44. Kxa2 Nd4+ $19) 0-1

[Event "EU-ch 2nd"]
[Site "Ohrid"]
[Date "2001.06.02"]
[Round "2"]
[White "Chuchelov, Vladimir"]
[Black "Nikolic, Predrag"]
[Result "1/2-1/2"]
[WhiteElo "2550"]
[BlackElo "2652"]
[Annotator "Stohl,I"]
[PlyCount "79"]
[EventDate "2001.06.01"]
[EventType "swiss"]
[EventRounds "13"]
[EventCountry "YUG"]
[SourceTitle "CBM 084"]
[Source "ChessBase"]
[SourceDate "2001.09.13"]
[SourceVersion "1"]
[SourceVersionDate "2001.09.13"]
[SourceQuality "1"]

1. Nf3 Nf6 2. c4 b6 3. g3 c5 4. Bg2 Bb7 5. O-O g6 6. Nc3 Bg7 7. d4 cxd4 8. Qxd4
d6 9. Be3 (9. Rd1 Nbd7 10. Be3 O-O 11. Qh4 Rc8 12. Rac1 a6 13. b3 Rc7 14. Ne1
Bxg2 15. Nxg2 Qb8 16. Nf4 e6 $1 $146 {An important novelty, which denies White
the d5-outpost and limits his active possibilities. The weakness of d6 is
rather illusory, as often in the Hedgehog this P is easily protected. We will
see this idea also in the game.} (16... Re8 $143 17. Nfd5 Rcc8 18. Bg5 Qb7 19.
Rd3 $5 Ne5 20. Bxf6 exf6 (20... Nxd3 21. Bxg7 Nxc1 22. Bh6 $40) 21. Rdd1 f5 22.
Nf6+ Bxf6 23. Qxf6 $36 {Filippov,V-Janssen,R/Golden Sands/2000/}) 17. Nd3 Rfc8
18. Bf4 Bf8 19. a4 Qb7 20. g4 Ne4 21. Nxe4 Qxe4 $11 {1/2,Pigusov,E-Cvitan,O/
EU-ch Ohrid/2001/}) 9... Nbd7 10. Rac1 Rc8 (10... a6 11. Nd5 $5 Rb8 12. Qd2 O-O
13. Nd4 b5 14. Nxf6+ Bxf6 15. cxb5 axb5 16. Bh6 Bg7 17. Bxg7 Kxg7 18. Bxb7 Rxb7
19. Nc6 Qe8 20. Na5 Rb6 21. Rc7 e5 22. Nb7 Qe6 23. Rd1 Nf6 24. Nxd6 Kg8 25. Nb7
Qxa2 26. Nc5 $14 {Akopian,V-Greenfeld,A/EU-ch Ohrid/2001/}) 11. b3 a6 12. Rfd1
O-O 13. Qd2 $5 {[%cal Ye3h6,Yf3e1,Ye1c2,Yc2b4,Yb4d5,Ye1d3] White retreats his
Q to a different square, but as we will see from the following practical
examples, the underlying strategic motives are very similar to 13.Qh4-Bh6
still remains an option, while White also plans the manoeuvre Ne1-c2(d3)-b4-d5.
Important is his Q is more flexibly placed in the [+].} (13. Qh4 {-9.Rd1})
13... Re8 (13... Nc5 14. Bh3 (14. Bh6 Nce4 $11) 14... Rc7 (14... Rb8 15. Nd4
Nce4 16. Nxe4 Nxe4 17. Qe1 Qc7 18. b4 h6 19. f3 Ng5 20. Bg2 e5 $5 21. Nb3 f5
22. c5 dxc5 23. bxc5 b5 24. Qa5 Rbc8 25. Rd6 $36 {Shchekachev,A-Cabrilo,G/
Ulcinj/1997/}) 15. b4 Ncd7 16. Na4 b5 17. Nb6 bxc4 18. Rxc4 Rxc4 19. Nxc4 Ne4
20. Qc2 Nc3 21. Rc1 Bd5 22. Nd4 Bxc4 23. Qxc3 Bxe2 24. Qb3 Bxd4 25. Bxd4 Ne5
26. Bg2 $44 {Jurek,J-Plachetka,J/Odense/1993/}) (13... Rc7 14. Ne1 Qa8 15. Bh3
$5 Qb8 16. Nd3 Ba8 17. Nb4 Ra7 18. Ncd5 Nc5 19. Nxf6+ Bxf6 20. Nd5 Bxd5 21.
Qxd5 Rc7 22. Rc2 a5 23. Rb1 $14 {Foisor,O-Sadkowsky,D/Antwerp/2000/}) 14. Bh3
Qc7 $5 $146 {A novelty, Black first transfers his Q to a safer square.} (14...
Rc7 15. Bh6 $5 (15. Na4 b5 16. Nb6 bxc4 17. Rxc4 Rxc4 18. Nxc4 Qb8 19. Na5 Ba8
20. Qd3 Qb4 21. Qxa6 Nc5 22. Bxc5 Qxc5 23. Nc4 Ne4 24. Rf1 Nc3 25. Nb6 Nxe2+
26. Qxe2 Qxb6 $36 {[%csl Gd6,Ge7] [+],Cavendish,J-Kudrin,S/London/1988/}) (15.
Ne1 Qb8 16. Nc2 (16. Nd3 Nc5 17. Nb4 Nfe4 18. Nxe4 Nxe4 19. Qe1 b5 20. Bg2 $1
bxc4 $2 (20... Nf6 $11 {/+/=}) 21. Bxe4 cxb3 22. Bxb7 Rxc1 23. Bxc1 bxa2 24.
Nxa2 Qxb7 $16 {Steinbacher,M-Plaskett,J/Ostend/1987/}) 16... Ba8 $6 (16... Bf8
$142 $5 {/\} 17. Nb4 e6) 17. Nb4 Qb7 18. f3 e6 19. Bf4 Rcc8 20. Bxd6 b5 21.
cxb5 axb5 22. e4 Red8 23. Qe3 $16 {Shchekachev,A-Lautier,J/Dordrecht 5'/2001/})
(15. Nd4 Qb8 (15... Qa8 16. f3 Ne5 17. Bf2 e6 18. Na4 b5 19. cxb5 Rxc1 20. Rxc1
axb5 21. Nxb5 Bxf3 22. Nc7 Qb7 23. Nxe8 Nxe8 24. Qc2 Bxe2 25. Qxe2 Nf3+ 26. Kf1
Nxh2+ 27. Ke1 Nf3+ 28. Kd1 Qd5+ 29. Kc2 $18 {Vukic,M-Plachetka,J/AUT-chT/1991/}
) 16. f3 Ba8 17. Bf2 e6 18. e4 Ne5 19. Bg2 Rec8 20. Nde2 Ne8 21. Nd4 Nf6 22.
Nde2 Bf8 23. a4 Nc6 24. h3 Nd7 25. g4 Nc5 26. Rb1 Nb4 $13 {Salo,T-Solozhenkin,
E/FIN-chT/2001/}) 15... Qa8 (15... Rc5 16. Bxg7 Kxg7 17. Qd4 Kg8 18. e4 Rh5 19.
Bg2 Qa8 $6 20. Nd5 Nxd5 21. cxd5 e5 22. Qd2 f5 23. Nh4 $16 {[%csl Rh5] צh5,
Maric,A-Muresan,M/Thessaloniki olw/1988/}) 16. Bxg7 Kxg7 17. Nd4 Rc5 18. f3 Rh5
19. Bxd7 $1 Nxd7 20. e4 Rc5 21. Nd5 e6 22. Ne3 $14 {[%csl Gc4,Gd4,Ge4] [+],
Gulko,B-Kudrin,S/USA-ch Salt Lake City/1999/}) 15. Ne1 (15. Nd5 Bxd5 16. cxd5
Qb7 $132 {><d5}) ({Perhaps more promising was as in the above games} 15. Bh6 $5
{/\} Bxh6 16. Qxh6 e6 17. Qd2 $14) 15... Qb8 16. Nc2 (16. Ng2 b5 $5 (16... Bf8
17. Nf4 e6 $11) 17. cxb5 axb5 $132 {/\} 18. Nxb5 $2 Bxg2) 16... Red8 17. Nb4 e6
$1 $11 {[%mdl 96] Black now achieves a typical strategically sound Hedgehog
position by simple tactical means.} 18. Bf4 (18. Qxd6 $2 Qxd6 19. Rxd6 Bf8 $17)
(18. Bh6 Bxh6 19. Qxh6 Nc5 $132) 18... Ne5 19. Qe3 (19. Bxe5 dxe5 20. Qe3 Qc7
$11 (20... Rd4 $5 21. Nd3 Ne4 $11)) 19... Ba8 $1 20. f3 (20. Nxa6 $4 Qb7 $19)
20... Nc6 (20... Qb7 $5 $13 {/\} 21. Na4 b5 22. Nb6 $2 Nfg4 $1 23. fxg4 Nxg4
$19) 21. Nxc6 (21. Nxa6 $6 Qb7 22. b4 (22. Nb5 Ne8 $5 $17) 22... Qxa6 23. b5
Qa5 24. bxc6 Rxc6 $15 {/=}) (21. a3 $142 $5 Nxb4 22. axb4 $14 {gives White
more chances to keep the tension.}) 21... Rxc6 22. a4 (22. Rd3 b5 $15) 22...
Qb7 23. Rd3 d5 $132 24. Be5 (24. cxd5 Nxd5 25. Nxd5 Rxc1+ 26. Qxc1 exd5 $132)
24... Qe7 25. Rcd1 Re8 $1 {[%cal Rd5c4] /\dc4 Now White must resolve the [+]
tension and his initiative evaporates.} 26. Bxf6 (26. cxd5 $6 Nxd5 27. Nxd5
exd5 $36) 26... Bxf6 27. cxd5 Rxc3 28. Rxc3 Bxc3 29. Qxc3 exd5 {[%cal Ge8e1]
|^<->e} (29... Bxd5 $143 30. e4 $14 {()}) 30. Rd2 Bb7 (30... a5 $5) 31. Kf2 (
31. b4 f5 $11 {/\Rc8}) 31... a5 32. Qd4 Qc7 33. e3 Re7 34. Bg2 (34. Bf1 Qc5 35.
Bb5 Rc7 $11) 34... Qc1 35. f4 Rc7 36. Bxd5 (36. Qb2 $11 {is the safest, but
the text doesn't risk much either.}) 36... Ba6 $2 (36... Rc2 $1 37. Rxc2 Qxc2+
38. Kf3 (38. Ke1 Qc1+ $11) 38... Qxh2 $1 (38... Bxd5+ 39. Qxd5 Qxh2 40. Qd8+
$16) 39. Bxb7 Qh1+ 40. Kf2 Qxb7 $11) 37. g4 $2 (37. Rd1 $142 Qc2+ (37... Rc2+
$2 38. Kg1 $8 Qb2 39. Bxf7+ $1 Kxf7 40. Qd7+ Kf8 41. Qd8+ Kf7 42. Rd7+ Ke6 43.
Re7+ Kf5 44. Qd7+ Kf6 45. Rf7#) 38. Qd2 (38. Rd2 Qc1 $11) 38... Qf5 39. Be4 $1
$16 {/\} Qxe4 40. Qd8+ Kg7 41. Qxc7 Bb7 42. Qe5+ $18) 37... Qf1+ 38. Kg3 Qe1+
39. Rf2 (39. Kg2 Qf1+ $11 (39... Be2 $5 $44)) (39. Kh3 $6 Re7 $1 $40) 39... Rc3
(39... Rc2 40. Bxf7+ $8 Kf8 41. Qd8+ Kxf7 42. Qd7+ $11) 40. Bxf7+ {White has
missed his chances for an advantage and sensibly decides to force a perpetual.}
(40. Kg2 Qxe3 41. Qxe3 (41. Qf6 $4 Qh3+ $19) 41... Rxe3 42. Rd2 Bc8 {/\Be6=}) (
40. Bxf7+ Kxf7 41. Qd7+ Kf8 42. Qd8+ $11) 1/2-1/2